000 00309 a2200109 4500
001 ART_49980
005 20260410161729.0
008 260409a
245 1 0 _aIgualdad de trato entre particulares
100 1 _aSaba, Roberto
773 0 _tLecciones y ensayos
_g- NÂș 89 (ene. 2011)
_wREV2658
999 _c17720
_d17720